Państwa Według Zdjęcia Ich Prezydenta - Statystyki

Ogólne statystyki
  • Ten quiz został rozwiązany 18 razy
  • Średni wynik to 11 z 16
Statystyki odpowiedzi
Obrazkowy Odpowiedź % Poprawnych
Chiny
100%
Francja
100%
Rosja
100%
Arabia Saudyjska
94%
Niemcy
94%
Stany Zjednoczone
94%
Indie
78%
Turcja
78%
Iran
67%
Brazylia
61%
Japonia
61%
Wielka Brytania
61%
Republika Południowej Afryki
50%
Hiszpania
44%
Meksyk
33%
Egipt
17%
Nie znaleziono quizów pasujących do podanych kryteriów
Rozkład punktacji
Procent ludzi z każdym wynikiem
Percentyl według liczby udzielonych odpowiedzi
Twoja historia wyników
Nie rozwiązałeś tego quizu